000 00519nam a2200169 i 4500
001 102272
003 ES-MaACL
005 20230906183055.0
007 t|
008 051107s1971 sp ||||1| spa d
100 1 _aMendoza Negrillo, Juan de Dios.
_980265
245 1 3 _aLa llaga de Sánchez de Talavera
_b: Tesis Doctoral /
_cJuan de Dios Mendoza, S. J.
260 _aMadrid :
_b[s.n.],
_c1971 (
_fGráf. Condor)
300 _a55 p. ;
_c19 cm.
502 _aTesis Doctoral.
852 _aES-MaACL
_j2080-F-5
_bR.78435
999 _c102272
_d102272